| 000 | 00549nam a22001937a 4500 | ||
|---|---|---|---|
| 005 | 20250225113025.0 | ||
| 010 | _aENG-125933 | ||
| 020 | _a8180643107 | ||
| 035 | _aEN-109405 | ||
| 037 | _bDBAD | ||
| 082 | _a320.954 | ||
| 100 |
_aBasu,Piyali _978624 |
||
| 245 |
_aDynamics of opposition Politics in West Bengal _c Basu,Piyail |
||
| 250 | _a | ||
| 260 |
_aKolkata _bD.T.P.Compose Progressive _c2019 |
||
| 270 |
_a37A,College Steet,Kolkata _bKolkata _e700073 |
||
| 300 |
_a215p. _c22cm(hb) |
||
| 942 |
_2ddc _cEN _h320.954 _mBAS |
||
| 999 |
_c209710 _d209710 |
||